[Event "ITT La Pergola Jardin"]
[Site "?"]
[Date "2011.01.17"]
[Round "1.2"]
[White "Della Morte, German"]
[Black "Villalba, Marcelo"]
[Result "1-0"]
[WhiteElo "2345"]
[BlackElo "2149"]
[PlyCount "97"]
[EventDate "2009.04.25"]
[SourceDate "2011.01.17"]

1. e4 e5 2. Nf3 Nc6 3. Bc4 Nf6 4. d3 Be7 5. O-O O-O 6. Re1 d6 7. a4 Na5 8. Ba2
c5 9. c3 Nc6 10. Nbd2 Be6 11. Bxe6 fxe6 12. Nc4 Qc7 13. Bd2 Rae8 14. Rc1 Nd7
15. Qb3 h6 16. Qa2 Rf6 17. b4 Ref8 18. b5 Nd8 19. Be3 Rg6 20. Ncd2 Nf7 21. Kh1
Bg5 22. Nxg5 Nxg5 23. d4 Nf7 24. Nf1 c4 25. d5 exd5 26. exd5 Nf6 27. Qc2 e4 28.
f4 Re8 29. f5 Rg5 30. Bxg5 hxg5 31. Rcd1 Ne5 32. Rd4 Nd3 33. Re2 Qc5 34. Ne3
Ne5 35. Qa2 Rc8 36. Rb2 Kf7 37. Rb4 a5 38. bxa6 bxa6 39. a5 Kg8 40. Rb6 Kh7 41.
Rb4 Rc7 42. Qa4 Rc8 43. Rb6 Nfd7 44. Rb7 Nf6 45. h3 Nh5 46. Kh2 Nf4 47. f6 Kg6
48. fxg7 Ne2 49. Qc2 1-0

[Event "ITT La Pergola Jardin"]
[Site "?"]
[Date "2011.01.17"]
[Round "1.3"]
[White "Spata, German"]
[Black "Vazquez, Guillermo"]
[Result "1/2-1/2"]
[WhiteElo "2330"]
[BlackElo "2168"]
[PlyCount "90"]
[EventDate "2009.04.25"]
[SourceDate "2011.01.17"]

1. Nf3 d6 2. c4 g6 3. Nc3 Bg7 4. d4 Nf6 5. Bg5 O-O 6. e3 c5 7. Be2 h6 8. Bh4
cxd4 9. exd4 g5 10. Bg3 Nh5 11. O-O f5 12. Ne1 Nxg3 13. hxg3 Nc6 14. d5 Nd4 15.
Bd3 Bd7 16. Nf3 Qb6 17. Nxd4 Bxd4 18. Rb1 e5 19. dxe6 Bxe6 20. Qh5 Rf6 21. Rbe1
Bf7 22. Qe2 Qc5 23. g4 Re8 24. Qd2 Rxe1 25. Qxe1 Bxc4 26. Qe8+ Kg7 27. Bxc4
Qxc4 28. gxf5 Rxf5 29. Ne4 Be5 30. Nxd6 Bxd6 31. Qd7+ Rf7 32. Qxd6 Qf4 33. Qd3
b6 34. f3 Qf5 35. Qe2 Qc5+ 36. Qf2 Qxf2+ 37. Rxf2 Rc7 38. Rd2 Kg6 39. Kf2 Kf5
40. Kg3 h5 41. Rd5+ Kf6 42. Rd6+ Kf5 43. Rd5+ Kf6 44. Rb5 Rc2 45. Kh3 Rf2
1/2-1/2

[Event "ITT La Pergola Jardin"]
[Site "?"]
[Date "2011.01.17"]
[Round "1.4"]
[White "Brito, Luismar"]
[Black "Zacarias, Ruben"]
[Result "1/2-1/2"]
[WhiteElo "2309"]
[BlackElo "2184"]
[PlyCount "112"]
[EventDate "2009.04.25"]
[SourceDate "2011.01.17"]

1. e4 e6 2. Nf3 d5 3. Nc3 Nf6 4. e5 Nfd7 5. d4 c5 6. dxc5 Nc6 7. Bf4 Nxc5 8. h4
Be7 9. Rh3 f5 10. h5 O-O 11. Bd3 Ne4 12. Be3 Bb4 13. Bd4 Nxd4 14. Bxe4 Nb5 15.
Bd3 Nxc3 16. bxc3 Bxc3+ 17. Kf1 Bxa1 18. Qxa1 Bd7 19. Kg1 Rc8 20. Rh4 Qa5 21.
Qb2 b6 22. h6 g6 23. Rb4 Qc5 24. a3 Qc3 25. Qa2 g5 26. Rb3 Qc7 27. Qa1 Qd8 28.
Nd4 g4 29. Nxf5 exf5 30. e6 Qf6 31. Qxf6 Rxf6 32. exd7 Rd8 33. Bb5 a6 34. Bxa6
Rxd7 35. Rc3 Kf7 36. g3 Kg6 37. Bb5 Re7 38. Rc8 Kxh6 39. Rd8 Re5 40. Kg2 Kg7
41. a4 f4 42. gxf4 Rxf4 43. Bd3 h5 44. Rd7+ Rf7 45. Rd6 Rf6 46. Rd7+ Kh6 47.
Kg3 Rf3+ 48. Kg2 h4 49. Rh7+ Kg5 50. Rg7+ Kh5 51. Rh7+ Kg5 52. Rg7+ Kh6 53.
Rh7+ Kg5 54. Rg7+ Kh6 55. Rh7+ Kg5 56. Rg7+ Kh6 1/2-1/2

[Event "ITT La Pergola Jardin"]
[Site "?"]
[Date "2011.01.17"]
[Round "1.5"]
[White "Kropff, Ricardo"]
[Black "Catelli, Hernan"]
[Result "1-0"]
[WhiteElo "2294"]
[BlackElo "2212"]
[PlyCount "63"]
[EventDate "2009.04.25"]
[SourceDate "2011.01.17"]

1. d4 Nf6 2. Nf3 g6 3. c4 Bg7 4. Nc3 O-O 5. e4 d6 6. Be2 e5 7. d5 a5 8. Bg5 h6
9. Bh4 Na6 10. Nd2 Qe8 11. O-O Nh7 12. a3 Bd7 13. b3 h5 14. f3 Bh6 15. Bf2 Qe7
16. Qc2 h4 17. Rfd1 Bf4 18. Rab1 Qg5 19. Bf1 Nf6 20. b4 axb4 21. axb4 Nh5 22.
c5 Bh3 23. Kh1 Bd7 24. c6 Bc8 25. Nc4 Ng3+ 26. Bxg3 Bxg3 27. b5 Nc5 28. b6 f5
29. bxc7 bxc6 30. Nxd6 cxd5 31. Nxd5 Nd7 32. Bb5 1-0

[Event "ITT La Pergola Jardin"]
[Site "?"]
[Date "2011.01.18"]
[Round "2.5"]
[White "Latorre, Matias"]
[Black "Catelli, Hernan"]
[Result "1-0"]
[WhiteElo "2093"]
[BlackElo "2212"]
[PlyCount "121"]
[EventDate "2009.04.25"]
[SourceDate "2011.01.18"]

1. d4 Nf6 2. Bg5 e6 3. Nf3 d5 4. e3 Nbd7 5. c4 c6 6. Nc3 Be7 7. cxd5 exd5 8.
Bd3 O-O 9. Qc2 Re8 10. O-O Nf8 11. Rab1 g6 12. b4 Ne6 13. Bh4 a6 14. a4 Ng7 15.
b5 cxb5 16. axb5 a5 17. b6 Bf5 18. Bxf6 Bxf6 19. Rb5 Be6 20. Ra1 Qd6 21. Qb3
Rec8 22. Rbxa5 Rxa5 23. Rxa5 Bd8 24. Nxd5 Rc1+ 25. Bf1 f5 26. Ne5 Ne8 27. Nd3
Rc6 28. Rb5 Kg7 29. N3f4 Bf7 30. Bc4 Kh6 31. Nd3 Nf6 32. Ne5 Bxd5 33. Nxc6 Bxc6
34. Ra5 Ng4 35. g3 Be4 36. Bd5 Bxb6 37. Rb5 Bxd5 38. Qxd5 Qxd5 39. Rxd5 Kg5 40.
h3 Nh6 41. f4+ Kh5 42. Rd7 g5 43. Rxb7 Bd8 44. Rxh7 Kg6 45. Rd7 Bf6 46. Kg2 g4
47. h4 Ng8 48. Rd5 Nh6 49. Kf2 Bg7 50. Ke2 Ng8 51. h5+ Kf6 52. Re5 Nh6 53. d5
Kf7 54. Re6 Ng8 55. Rg6 Ne7 56. Rg5 Bf6 57. d6 Bxg5 58. fxg5 Nc6 59. d7 Ke7 60.
g6 Ne5 61. g7 1-0

[Event "ITT La Pergola Jardin"]
[Site "?"]
[Date "2011.01.18"]
[Round "2.2"]
[White "Zacarias, Ruben"]
[Black "Kropff, Ricardo"]
[Result "1/2-1/2"]
[WhiteElo "2184"]
[BlackElo "2294"]
[PlyCount "224"]
[EventDate "2009.04.25"]
[SourceDate "2011.01.18"]

1. e4 e5 2. Nf3 Nf6 3. d4 exd4 4. e5 Ne4 5. Qxd4 d5 6. exd6 Nxd6 7. Nc3 Nc6 8.
Qf4 g6 9. Be3 Bg7 10. O-O-O O-O 11. h4 Qf6 12. Qxf6 Bxf6 13. Nd5 Bd8 14. Bc5
Ne4 15. Be3 Bg4 16. Be2 Re8 17. Rhe1 Ne7 18. Nxe7+ Bxe7 19. Bd3 Nd6 20. Bg5
Bxf3 21. gxf3 Bxg5+ 22. hxg5 Rxe1 23. Rxe1 Re8 24. Rxe8+ Nxe8 25. Kd2 Kg7 26.
Ke3 h5 27. gxh6+ Kxh6 28. Kf4 f6 29. Kg4 Nd6 30. c4 c5 31. b3 Kg7 32. f4 f5+
33. Kh4 Kf6 34. Kg3 Ne8 35. Be2 Nc7 36. Bf3 b6 37. Bc6 Ne6 38. Bf3 Nd4 39. Bd1
Nc6 40. a3 a5 41. Kh4 Nd4 42. Kg3 Ne6 43. Kf3 Nd4+ 44. Kg3 Kg7 45. Kh4 Kf7 46.
Kg3 Kf6 47. a4 Kf7 48. Kh4 Kg7 49. Kh3 Kh7 50. Kh2 Kh6 51. Kg3 Kg7 52. Kh2 Kf7
53. Kh3 Ke7 54. Kh2 Kd7 55. Kh3 Ke6 56. Kh4 Kf7 57. Kh3 Kf6 58. Kg3 Ne6 59. Kf3
g5 60. fxg5+ Kxg5 61. Kg3 f4+ 62. Kf3 Kf5 63. Ke2 Ke4 64. f3+ Kd4 65. Kd2 Ng5
66. Be2 Nh3 67. Bd3 Ng5 68. Be2 Ne6 69. Bd1 Ke5 70. Ke2 Kf6 71. Kf2 Kg5 72. Kg2
Nd4 73. Kf2 Kh4 74. Kg2 Nf5 75. Kh2 Ne3 76. Be2 Kh5 77. Kg1 Kg5 78. Bd3 Kh4 79.
Kh2 Kg5 80. Kg1 Kh5 81. Kh1 Kh6 82. Kh2 Kg5 83. Kg1 Nd1 84. Be2 Nc3 85. Bd3 Na2
86. Kf2 Kh4 87. Kg2 Nc1 88. Bc2 Ne2 89. Bd1 Nd4 90. Kh2 Nf5 91. Be2 Kh5 92. Kg1
Kg5 93. Kf2 Ne3 94. Kg1 Nc2 95. Bd1 Nb4 96. Be2 Kf6 97. Kf2 Ke5 98. Ke1 Nc2+
99. Kd2 Nd4 100. Bd1 Kf5 101. Ke1 Kf6 102. Kf2 Nc6 103. Bc2 Ke5 104. Ke1 Kd4
105. Kd2 Ne5 106. Be4 Ng4 107. Bd3 Ne3 108. Be2 Ke5 109. Ke1 Nc2+ 110. Kd2 Nd4
111. Bd1 Kf5 112. Ke1 Kg5 1/2-1/2

[Event "ITT La Pergola Jardin"]
[Site "?"]
[Date "2011.01.18"]
[Round "2.3"]
[White "Vazquez, Guillermo"]
[Black "Brito, Luismar"]
[Result "1/2-1/2"]
[WhiteElo "2168"]
[BlackElo "2309"]
[PlyCount "91"]
[EventDate "2009.04.25"]
[SourceDate "2011.01.18"]

1. e4 c5 2. Nc3 d6 3. g3 Nc6 4. Bg2 g6 5. d3 Bg7 6. f4 e6 7. Nf3 Nge7 8. O-O
Rb8 9. Be3 Nd4 10. Qd2 Nec6 11. Ne1 Qa5 12. Nd1 Qxd2 13. Bxd2 Bd7 14. c3 Nb5
15. Ne3 Nc7 16. Nc4 Ke7 17. a4 f5 18. Be3 b6 19. Nf3 Na5 20. Nxa5 bxa5 21. Ra2
Bc8 22. e5 Bb7 23. exd6+ Kxd6 24. Ne5 Bd5 25. Nc4+ Bxc4 26. dxc4 Na6 27. Rf2
Rhd8 28. Ra1 Kc7 29. Re1 Rb6 30. Bf3 Rbd6 31. Kg2 Kb6 32. Bc1 Nc7 33. Rfe2 Rd3
34. Be3 Bf8 35. Bf2 Rd2 36. h3 Rxe2 37. Rxe2 Rd3 38. b4 axb4 39. cxb4 Rb3 40.
a5+ Ka6 41. bxc5 Bg7 42. Rd2 Rb2 43. Rd7 Bc3 44. Kf1 Rb1+ 45. Kg2 Rb2 46. Kf1
1/2-1/2

[Event "ITT La Pergola Jardin"]
[Site "?"]
[Date "2011.01.19"]
[Round "3.1"]
[White "Della Morte, German"]
[Black "Latorre, Matias"]
[Result "0-1"]
[WhiteElo "2345"]
[BlackElo "2093"]
[PlyCount "52"]
[EventDate "2011.01.17"]

1. e4 e6 2. d4 d5 3. Nc3 Bb4 4. e5 c5 5. a3 Bxc3+ 6. bxc3 Ne7 7. Qg4 cxd4 8.
cxd4 Qc7 9. Bd2 Qxc2 10. Ne2 Nbc6 11. Qxg7 Rg8 12. Qh6 Nxd4 13. Nxd4 Qb2 14.
Bb5+ Bd7 15. Bxd7+ Kxd7 16. Nb3 Qxb3 17. O-O Qf3 18. Bg5 Nf5 19. Qf6 Qh5 20.
Bf4 Raf8 21. Rac1 Rg6 22. Rc2 Rxf6 23. exf6 Qh4 24. Be5 Qe4 25. Rc7+ Ke8 26.
Bc3 Nh4 0-1

[Event "ITT La Pergola Jardin"]
[Site "?"]
[Date "2011.01.19"]
[Round "3.3"]
[White "Brito, Luismar"]
[Black "Villalba, Marcelo"]
[Result "1-0"]
[WhiteElo "2319"]
[BlackElo "2149"]
[PlyCount "73"]
[EventDate "2011.01.17"]

1. Nc3 c5 2. Nf3 Nc6 3. d4 cxd4 4. Nxd4 g6 5. g3 Bg7 6. Nb3 Nf6 7. Bg2 O-O 8.
O-O a5 9. a4 Nb4 10. Nb5 d6 11. c3 Nc6 12. Bg5 h6 13. Bd2 Be6 14. N3d4 Bd5 15.
Nf3 Nd7 16. Be3 Be4 17. Qc1 g5 18. Rd1 Qc8 19. Ra3 Nde5 20. Nxe5 Bxg2 21. Nc4
Qh3 22. f3 g4 23. Nd2 Ne5 24. Nd4 f5 25. c4 gxf3 26. exf3 Ng4 27. fxg4 Bxd4 28.
Bxd4 Bc6 29. Nf3 fxg4 30. Nh4 e5 31. Be3 Rf6 32. Bxh6 Kh7 33. Qg5 Rxh6 34. Rf1
Bf3 35. Qf5+ Kh8 36. Raxf3 Rxh4 37. gxh4 1-0

[Event "ITT La Pergola Jardin"]
[Site "?"]
[Date "2011.01.19"]
[Round "3.4"]
[White "Kropff, Ricardo"]
[Black "Vazquez, Guillermo"]
[Result "1-0"]
[WhiteElo "2294"]
[BlackElo "2168"]
[PlyCount "103"]
[EventDate "2011.01.17"]

1. d4 Nf6 2. Nf3 g6 3. c4 Bg7 4. Nc3 O-O 5. e4 d6 6. Be2 e5 7. d5 a5 8. Bg5 h6
9. Bh4 Na6 10. Nd2 Bd7 11. a3 Qe8 12. b3 Nh7 13. O-O h5 14. f3 Bh6 15. Bf2 f5
16. Qc2 Nf6 17. Rab1 Nc5 18. b4 axb4 19. axb4 Na4 20. Bd3 Nxc3 21. Qxc3 Ra2 22.
Rb2 Rxb2 23. Qxb2 fxe4 24. Nxe4 Nxe4 25. Bxe4 Bf5 26. Qc2 Qa8 27. c5 Qa3 28.
Re1 Qxb4 29. Bxf5 gxf5 30. Rb1 Qa3 31. Rxb7 Be3 32. cxd6 cxd6 33. h3 Bxf2+ 34.
Kxf2 Qa5 35. Qc1 f4 36. Qc2 Qc5+ 37. Qxc5 dxc5 38. Re7 Ra8 39. Rxe5 Ra2+ 40.
Kg1 c4 41. d6 Rd2 42. Rc5 Rxd6 43. Rxc4 Rf6 44. Rc5 Rh6 45. Rf5 Kg7 46. Rxf4 h4
47. Kf2 Kg6 48. Rg4+ Kh5 49. f4 Ra6 50. Rg5+ Kh6 51. Rg8 Kh7 52. Rg4 1-0

[Event "ITT La Pergola Jardin"]
[Site "?"]
[Date "2011.01.19"]
[Round "3.5"]
[White "Catelli, Hernan"]
[Black "Zacarias, M Ruben D"]
[Result "1/2-1/2"]
[WhiteElo "2212"]
[BlackElo "2184"]
[PlyCount "89"]
[EventDate "2011.01.17"]

1. Nf3 Nf6 2. g3 g6 3. Bg2 Bg7 4. O-O O-O 5. c4 d6 6. d4 c5 7. dxc5 dxc5 8. Ne5
Nbd7 9. Nd3 e5 10. Nc3 Rb8 11. f4 b6 12. e4 Bb7 13. f5 Ne8 14. Nf2 Bc6 15. Ng4
Qe7 16. h4 Ndf6 17. Bg5 h5 18. Ne3 Qb7 19. Ned5 Bxd5 20. exd5 Nd6 21. fxg6 fxg6
22. Qd3 Kh7 23. Bf3 Rbe8 24. Ne4 Nfxe4 25. Bxe4 Nxe4 26. Qxe4 Qd7 27. Rxf8 Rxf8
28. Rd1 Qh3 29. d6 Rf7 30. Qg2 Qg4 31. Rf1 Qd4+ 32. Kh2 Rxf1 33. Qxf1 Qxd6 34.
Qf7 a6 35. b3 b5 36. Qe7 Qd4 37. Qe6 bxc4 38. bxc4 a5 39. a4 e4 40. Kh3 Qe5 41.
Qxe5 Bxe5 42. Bd2 Bc7 43. Be3 Bd6 44. Bd2 Bc7 45. Be3 1/2-1/2

[Event "ITT La Pergola Jardin"]
[Site "?"]
[Date "2011.01.20"]
[Round "4.1"]
[White "Latorre, Matias"]
[Black "Zacarias, M Ruben D"]
[Result "1-0"]
[WhiteElo "2093"]
[BlackElo "2184"]
[PlyCount "67"]
[EventDate "2011.01.17"]

1. d4 Nf6 2. c4 g6 3. f3 Bg7 4. e4 d6 5. Be3 O-O 6. Qd2 c5 7. Ne2 Nc6 8. dxc5
dxc5 9. Bxc5 Nd7 10. Be3 Qa5 11. Qxa5 Nxa5 12. Nec3 Ne5 13. Nd2 Be6 14. Nd5
Bxd5 15. cxd5 Rfc8 16. Rb1 f5 17. Bd4 fxe4 18. fxe4 Nac4 19. Bxc4 Nxc4 20. Bxg7
Kxg7 21. Ke2 Nxd2 22. Kxd2 Rc4 23. Rhe1 Rac8 24. Rbc1 Kf6 25. Rxc4 Rxc4 26. Kd3
Ra4 27. e5+ Kf5 28. b3 Ra5 29. Kd4 Rxa2 30. g4+ Kxg4 31. d6 e6 32. Rd1 Rf2 33.
d7 Rf8 34. Kc5 1-0

[Event "ITT La Pergola Jardin"]
[Site "?"]
[Date "2011.01.20"]
[Round "4.2"]
[White "Vazquez, Guillermo"]
[Black "Catelli, Hernan"]
[Result "1-0"]
[WhiteElo "2168"]
[BlackElo "2212"]
[PlyCount "87"]
[EventDate "2011.01.17"]

1. d4 Nf6 2. Nf3 g6 3. Bf4 Bg7 4. e3 d6 5. Be2 O-O 6. h3 c5 7. c3 b6 8. O-O Bb7
9. Nbd2 Nbd7 10. a4 a6 11. Bh2 Qc7 12. Re1 Bc6 13. Bd3 b5 14. e4 c4 15. Bc2 e5
16. Rc1 Rfc8 17. axb5 axb5 18. b3 Bb7 19. bxc4 bxc4 20. Ra1 Ne8 21. Qe2 Nb6 22.
Bg3 f6 23. Qf1 Qc6 24. Rxa8 Rxa8 25. Ra1 Ra6 26. Rxa6 Bxa6 27. Qa1 Nc7 28. d5
Qc5 29. Kf1 Nd7 30. Nh2 Bh6 31. Ke2 Qb6 32. Ng4 Bf4 33. Ba4 Nc5 34. Nxf6+ Kg7
35. Nd7 Nxd7 36. Bxd7 Bxg3 37. fxg3 Bb5 38. Bxb5 Nxb5 39. Nxc4 Qc5 40. Kd3 h5
41. Qa5 Kf6 42. Nxd6 Qxd6 43. Qxb5 Kg7 44. Qc6 1-0

[Event "ITT La Pergola Jardin"]
[Site "?"]
[Date "2011.01.20"]
[Round "4.3"]
[White "Villalba, Marcelo"]
[Black "Kropff, Ricardo"]
[Result "1/2-1/2"]
[WhiteElo "2149"]
[BlackElo "2294"]
[PlyCount "62"]
[EventDate "2011.01.17"]

1. e4 c5 2. Nf3 d6 3. d4 cxd4 4. Nxd4 Nf6 5. Nc3 a6 6. Bg5 e6 7. f4 Be7 8. Qf3
Qc7 9. O-O-O Nbd7 10. Be2 b5 11. Bxf6 Nxf6 12. e5 Bb7 13. Qg3 dxe5 14. fxe5 Nd7
15. Bxb5 axb5 16. Ndxb5 Qc5 17. Qxg7 Rf8 18. Rhe1 O-O-O 19. Rd4 Bc6 20. a4 Bxb5
21. Nxb5 Nb6 22. b4 Qxd4 23. Nxd4 Rxd4 24. c3 Rc4 25. Kb2 Nxa4+ 26. Kb3 Rxc3+
27. Kxa4 Kc7 28. Qg4 Ra8+ 29. Kb5 Rb8+ 30. Ka4 Ra8+ 31. Kb5 Rb8+ 1/2-1/2

[Event "ITT La Pergola Jardin"]
[Site "?"]
[Date "2011.01.20"]
[Round "4.5"]
[White "Della Morte, German"]
[Black "Spata, German"]
[Result "1-0"]
[WhiteElo "2345"]
[BlackElo "2330"]
[PlyCount "49"]
[EventDate "2011.01.17"]

1. e4 c6 2. c4 d5 3. cxd5 cxd5 4. exd5 Nf6 5. Qa4+ Nbd7 6. Nc3 g6 7. Nf3 Bg7 8.
Bc4 O-O 9. d3 a6 10. Qa3 Nb6 11. Qb3 Nxc4 12. dxc4 b5 13. O-O bxc4 14. Qxc4 e6
15. dxe6 Bxe6 16. Qh4 Nd5 17. Bg5 f6 18. Bd2 Rb8 19. Nd4 Nxc3 20. Bxc3 Bd5 21.
Rfd1 Qd7 22. Nc2 Qb7 23. Ne3 Be6 24. Rd6 Bf7 25. Ng4 1-0

[Event "ITT La Pergola Jardin"]
[Site "?"]
[Date "2011.01.21"]
[Round "5.1"]
[White "Spata, German"]
[Black "Latorre, Matias"]
[Result "1/2-1/2"]
[WhiteElo "2330"]
[BlackElo "2093"]
[PlyCount "106"]
[EventDate "2011.01.17"]

1. Nf3 Nf6 2. c4 g6 3. Nc3 Bg7 4. e4 d6 5. d4 O-O 6. Be2 Na6 7. O-O e5 8. Re1
Qe8 9. Bf1 Bg4 10. d5 Nc5 11. b4 Bxf3 12. Qxf3 Na4 13. Nb5 Qe7 14. Qb3 Nb6 15.
c5 Nc8 16. Bd2 Ng4 17. h3 Bh6 18. Bxh6 Nxh6 19. Rac1 a6 20. cxd6 Nxd6 21. Nxc7
Rac8 22. Qe3 Rxc7 23. Qxh6 Rfc8 24. f3 g5 25. Rxc7 Rxc7 26. h4 f6 27. hxg5 fxg5
28. Rd1 Nf7 29. Qb6 Qd6 30. Qe3 Qxb4 31. Kh2 h6 32. Qa7 Rc8 33. Qf2 Rc7 34. Qg3
Qe7 35. Qh3 Kg7 36. Rb1 Qd7 37. Qg3 Rc2 38. d6 b5 39. a4 bxa4 40. Bd3 Rc6 41.
Qe1 Qxd6 42. Rd1 Qc5 43. Qe2 a3 44. Bxa6 Qc2 45. Rd2 Qxd2 46. Qxd2 Rxa6 47. Qa2
Nd6 48. Kh3 Nb5 49. Kg4 Nd6 50. g3 Ra7 51. Qf2 Ra8 52. Qa2 Ra7 53. Qf2 Ra8
1/2-1/2

[Event "ITT La Pergola Jardin"]
[Site "?"]
[Date "2011.01.21"]
[Round "5.2"]
[White "Brito, Luismar"]
[Black "Della Morte, German"]
[Result "0-1"]
[WhiteElo "2319"]
[BlackElo "2345"]
[PlyCount "96"]
[EventDate "2011.01.17"]

1. e4 e5 2. Nf3 Nc6 3. Bb5 a6 4. Ba4 Nf6 5. O-O b5 6. Bb3 Bc5 7. Nxe5 Nxe5 8.
d4 Bxd4 9. Qxd4 d6 10. c3 O-O 11. f3 Qe7 12. Rd1 Be6 13. Bc2 Rad8 14. a4 c5 15.
Qf2 d5 16. Be3 dxe4 17. Nd2 exf3 18. Bxc5 Qc7 19. Bb6 Qb8 20. Ba7 Qb7 21. Qb6
Qa8 22. Nxf3 Nfd7 23. Qd4 Nc6 24. Be4 Nxd4 25. Bxa8 Nb3 26. Bc6 Nxa1 27. Rxa1
bxa4 28. Rxa4 Nb8 29. Be4 Bd7 30. Ra1 Rfe8 31. Bb6 Rc8 32. Bb7 Rc4 33. Nd4 Ra4
34. Rd1 Ra2 35. Rd2 Re1+ 36. Kf2 Rb1 37. Be4 Rbxb2 38. Rc2 Rxb6 39. Bxh7+ Kxh7
40. Rxa2 Nc6 41. Nf3 Be6 42. Ng5+ Kg6 43. Nxe6 fxe6 44. Ke3 a5 45. Kd3 Rb5 46.
Kc4 Rd5 47. h3 Kf6 48. Rf2+ Ke7 0-1

[Event "ITT La Pergola Jardin"]
[Site "?"]
[Date "2011.01.21"]
[Round "5.4"]
[White "Catelli, Hernan"]
[Black "Villalba, Marcelo"]
[Result "1/2-1/2"]
[WhiteElo "2212"]
[BlackElo "2149"]
[PlyCount "104"]
[EventDate "2011.01.17"]

1. c4 d6 2. d4 Nf6 3. Nf3 g6 4. g3 Bg7 5. Bg2 O-O 6. O-O Nc6 7. Nc3 Bf5 8. b3
Ne4 9. Bb2 Nxc3 10. Bxc3 Be4 11. e3 e5 12. d5 Ne7 13. Nd2 Bxg2 14. Kxg2 Qd7 15.
e4 f5 16. f3 f4 17. g4 h5 18. h3 hxg4 19. hxg4 Kf7 20. Qe2 Rh8 21. Rh1 Bf6 22.
Qf2 b6 23. Rac1 Rag8 24. Nb1 Nc8 25. Rxh8 Rxh8 26. Rh1 Qd8 27. Rxh8 Qxh8 28.
Be1 Ne7 29. Nc3 a6 30. b4 Qd8 31. Qc2 Qh8 32. Qf2 Qb8 33. Qg1 Kg7 34. Bf2 Ng8
35. Kf1 Be7 36. Ke2 Nf6 37. Qh1 Nd7 38. Kd2 Qh8 39. Qxh8+ Kxh8 40. Na4 Kg7 41.
Nb2 Kf7 42. Nd3 Ke8 43. Kc3 Kd8 44. c5 dxc5 45. bxc5 bxc5 46. a4 Kc8 47. a5 g5
48. Kc4 Bd6 49. Bxc5 Bxc5 50. Nxc5 Nxc5 51. Kxc5 Kd7 52. Kb4 Kd6 1/2-1/2

[Event "ITT La Pergola Jardin"]
[Site "?"]
[Date "2011.01.21"]
[Round "5.5"]
[White "Zacarias, M Ruben D"]
[Black "Vazquez, Guillermo"]
[Result "1-0"]
[WhiteElo "2184"]
[BlackElo "2168"]
[PlyCount "71"]
[EventDate "2011.01.17"]

1. e4 c5 2. Nf3 Nc6 3. d4 cxd4 4. Nxd4 g6 5. Nc3 Bg7 6. Be3 Nf6 7. Nb3 d6 8.
Be2 O-O 9. f4 Be6 10. g4 d5 11. f5 Bc8 12. exd5 Nb4 13. Bf3 gxf5 14. a3 fxg4
15. Bg2 Na6 16. Qd2 Nc7 17. O-O-O Bf5 18. Bh6 Rc8 19. h3 Bxh6 20. Qxh6 Nb5 21.
Nd4 Nxd4 22. Rxd4 Qb6 23. Rhd1 Bg6 24. hxg4 Qa5 25. Qe3 Rfe8 26. g5 Nd7 27. Be4
Qb6 28. Bxg6 Qxg6 29. Rh1 Nf8 30. Rf4 Red8 31. Kb1 e6 32. Ne4 exd5 33. Rh6 Qg7
34. Nf6+ Kh8 35. Rfh4 Rc4 36. Rh1 1-0

[Event "ITT La Pergola Jardin"]
[Site "?"]
[Date "2011.01.23"]
[Round "6.2"]
[White "Villalba, Marcelo"]
[Black "Zacarias, M Ruben D"]
[Result "1/2-1/2"]
[WhiteElo "2149"]
[BlackElo "2184"]
[PlyCount "59"]
[EventDate "2011.01.17"]

1. e4 e6 2. d4 d5 3. Nc3 Nf6 4. Bg5 dxe4 5. Nxe4 Nbd7 6. Nf3 h6 7. Bxf6 Nxf6 8.
Bd3 Be7 9. Qe2 O-O 10. O-O-O Nd5 11. c4 Nf4 12. Qd2 Nxd3+ 13. Qxd3 b6 14. Kb1
Bb7 15. h4 c5 16. d5 b5 17. Neg5 Bxg5 18. Nxg5 hxg5 19. hxg5 f5 20. Qe3 Qe8 21.
Qh3 Qg6 22. dxe6 Qxe6 23. f3 Rfe8 24. g6 Kf8 25. Rhe1 Qxc4 26. b3 Rxe1 27.
Qxf5+ Kg8 28. bxc4 Rxd1+ 29. Kc2 Rad8 30. Qe6+ 1/2-1/2

[Event "ITT La Pergola Jardin"]
[Site "?"]
[Date "2011.01.23"]
[Round "6.4"]
[White "Della Morte, German"]
[Black "Kropff, Ricardo"]
[Result "1/2-1/2"]
[WhiteElo "2345"]
[BlackElo "2294"]
[PlyCount "98"]
[EventDate "2011.01.17"]

1. e4 c5 2. Nc3 d6 3. f4 g6 4. Bc4 Bg7 5. Nf3 Nc6 6. O-O e6 7. d3 Nge7 8. f5
O-O 9. Qe1 gxf5 10. Qh4 Ng6 11. Qh5 fxe4 12. Ng5 h6 13. Nxf7 Rxf7 14. Rxf7 Kxf7
15. Bxh6 Nce5 16. Nxe4 Qh4 17. Qf5+ Kg8 18. Bxe6+ Bxe6 19. Qxe6+ Kh8 20. Bxg7+
Kxg7 21. Nxd6 Qg5 22. Rf1 Kh7 23. Qh3+ Kg7 24. Nf5+ Kg8 25. Nh6+ Kg7 26. Nf5+
Kg8 27. Qe3 Qxe3+ 28. Nxe3 Re8 29. Nd5 Rd8 30. Nf6+ Kh8 31. b3 b5 32. Rf5 c4
33. bxc4 bxc4 34. dxc4 Rd1+ 35. Kf2 Rd2+ 36. Kg3 Rxc2 37. h4 Rxg2+ 38. Kxg2
Nxh4+ 39. Kg3 Nxf5+ 40. Kf4 Nxc4 41. Kxf5 Kg7 42. Ke6 Nb6 43. Ne8+ Kf8 44. Nd6
Na4 45. Kd7 Nc3 46. a3 a5 47. Nc4 Nb5 48. a4 Nc3 49. Nxa5 Nxa4 1/2-1/2

[Event "ITT La Pergola Jardin"]
[Site "?"]
[Date "2011.01.23"]
[Round "6.5"]
[White "Spata, German"]
[Black "Brito, Luismar"]
[Result "1-0"]
[WhiteElo "2330"]
[BlackElo "2319"]
[PlyCount "93"]
[EventDate "2011.01.17"]

1. Nf3 b6 2. g3 Bb7 3. Bg2 g6 4. O-O Bg7 5. d4 Nf6 6. c4 O-O 7. d5 d6 8. Nc3
Nbd7 9. Nd4 a5 10. f4 Nc5 11. b3 Qd7 12. f5 Rae8 13. e3 Qc8 14. g4 Nfd7 15. e4
e6 16. Be3 exd5 17. cxd5 Ba6 18. Qd2 Bd3 19. g5 Bxd4 20. Bxd4 Ne5 21. Rf4 f6
22. fxg6 hxg6 23. Rxf6 Rxf6 24. gxf6 Qd7 25. Re1 Qh7 26. Bxe5 Rxe5 27. Re3 Ba6
28. Qf2 Kf7 29. Na4 Qh5 30. Nxc5 bxc5 31. Qe1 Qg5 32. Rf3 Kf8 33. h3 Bc8 34.
Kh2 Bd7 35. Qxa5 Rxe4 36. Rg3 Qf4 37. Bxe4 Qxe4 38. Qd2 Kf7 39. Qe3 Qxe3 40.
Rxe3 Kxf6 41. a4 c6 42. dxc6 Bxc6 43. a5 Bb5 44. Kg3 d5 45. Rc3 c4 46. bxc4
Bxc4 47. a6 1-0

[Event "ITT La Pergola Jardin"]
[Site "?"]
[Date "2011.01.24"]
[Round "7.1"]
[White "Brito, Luismar"]
[Black "Latorre, Matias"]
[Result "1-0"]
[WhiteElo "2319"]
[BlackElo "2093"]
[PlyCount "51"]
[EventDate "2011.01.17"]

1. e4 e5 2. Nf3 Nc6 3. Bb5 f5 4. d3 fxe4 5. dxe4 Nf6 6. Nc3 Bb4 7. Qd3 Bxc3+ 8.
bxc3 d6 9. O-O Bd7 10. Rb1 a6 11. Bc4 Na5 12. Ng5 Qe7 13. Bf7+ Kf8 14. Bd5 h6
15. f4 c6 16. fxe5 hxg5 17. exf6 Qe5 18. fxg7+ Kxg7 19. Rf7+ Kg6 20. g3 Bg4 21.
Bf4 gxf4 22. gxf4 Qh5 23. f5+ Kg5 24. Qe3+ Kh4 25. Rg7 Qh6 26. Qg3+ 1-0

[Event "ITT La Pergola Jardin"]
[Site "?"]
[Date "2011.01.24"]
[Round "7.2"]
[White "Kropff, Ricardo"]
[Black "Spata, German"]
[Result "1-0"]
[WhiteElo "2294"]
[BlackElo "2330"]
[PlyCount "95"]
[EventDate "2011.01.17"]

1. d4 Nf6 2. c4 e6 3. Nc3 d5 4. Bg5 Be7 5. e3 h6 6. Bxf6 Bxf6 7. Nf3 O-O 8. Qd2
c5 9. cxd5 cxd4 10. Nxd4 exd5 11. Bb5 Qd6 12. Rc1 Nc6 13. Bxc6 bxc6 14. Na4 Bd7
15. O-O Rfc8 16. Nc5 Be8 17. Rc3 Rab8 18. Rfc1 Bd8 19. a3 Bc7 20. g3 Bd8 21.
Qe2 Qg6 22. Na6 Rb6 23. Nb4 Qd6 24. Rc5 Bd7 25. Nxd5 Rbb8 26. Nf4 Bb6 27. R5c2
Bxd4 28. exd4 Bf5 29. Rc5 Re8 30. Re5 Rxe5 31. dxe5 Qd4 32. b4 Re8 33. Re1 Kh8
34. Qe3 Qxe3 35. Rxe3 g5 36. Ne2 Rd8 37. f3 Rd2 38. Kf2 Kg7 39. Ke1 Ra2 40. Rc3
Be6 41. Kf2 Bd5 42. Ke3 h5 43. h4 g4 44. fxg4 hxg4 45. Nd4 Ra1 46. Kf4 Re1 47.
Nf5+ Kf8 48. Ne3 1-0

[Event "ITT La Pergola Jardin"]
[Site "?"]
[Date "2011.01.24"]
[Round "7.3"]
[White "Catelli, Hernan"]
[Black "Della Morte, German"]
[Result "1/2-1/2"]
[WhiteElo "2212"]
[BlackElo "2345"]
[PlyCount "30"]
[EventDate "2011.01.17"]

1. e4 e5 2. Nf3 Nc6 3. Bc4 Nf6 4. d3 Bc5 5. c3 d6 6. Nbd2 O-O 7. h3 a6 8. Bb3
Ba7 9. Nf1 Ne7 10. Ng3 Ng6 11. O-O Re8 12. Re1 h6 13. d4 Be6 14. Bc2 c6 15. Be3
Qc7 1/2-1/2

[Event "ITT La Pergola Jardin"]
[Site "?"]
[Date "2011.01.24"]
[Round "7.5"]
[White "Vazquez, Guillermo"]
[Black "Villalba, Marcelo"]
[Result "1-0"]
[WhiteElo "2168"]
[BlackElo "2149"]
[PlyCount "51"]
[EventDate "2011.01.17"]

1. d4 Nf6 2. Nf3 g6 3. c4 Bg7 4. Nc3 O-O 5. e4 d6 6. Be2 c5 7. d5 e6 8. O-O
exd5 9. exd5 Bf5 10. Qb3 Na6 11. Nh4 Nxd5 12. Nxd5 Qxh4 13. Qxb7 Nb4 14. Ne7+
Kh8 15. Nxf5 gxf5 16. Qf3 Nc2 17. Qxf5 Nd4 18. Qh5 Qe4 19. Be3 Nxe2+ 20. Qxe2
f5 21. Rae1 Rae8 22. Qd2 Qxc4 23. b3 Qa6 24. Bh6 Bxh6 25. Qxh6 Qxa2 26. Re7 1-0